| 000 | 00524nam a22001817a 4500 | ||
|---|---|---|---|
| 003 | Ost | ||
| 005 | 20220930183112.0 | ||
| 008 | 220930b |||||||| |||| 00| 0 eng d | ||
| 020 | _aNA | ||
| 040 | _cBT-PhCST | ||
| 050 | _aGD00867 | ||
| 082 |
_222 _aA6 _bJCMA |
||
| 100 | _aJapan Construction Mechanization Association. | ||
| 245 | _aPictorial guide book of construction machinery / | ||
| 260 |
_aJapan, _bJapan Construction Mechanization Association. _c1999 |
||
| 300 |
_a120 p. : _bill. ; _c29 cm. |
||
| 942 |
_2ddc _cGOVT. DOC. |
||
| 999 |
_c9101 _d9101 |
||